20 ปี สถาบันวิจัยทรัพยากรทางน้ำ จุฬาลงกรณ์มหาวิทยาลัย (ระเบียนเลขที่ 64153)
| 000 -LEADER | |
|---|---|
| fixed length control field | 01386nam a22002297a 4500 |
| 005 - DATE AND TIME OF LATEST TRANSACTION | |
| control field | 20240724233248.0 |
| 008 - FIXED-LENGTH DATA ELEMENTS--GENERAL INFORMATION | |
| fixed length control field | s2554 th tha d |
| 041 ## - LANGUAGE CODE | |
| Language code of text/sound track or separate title | tha |
| 050 ## - LIBRARY OF CONGRESS CALL NUMBER | |
| Classification number | SH117.T5 จ683ย 2554 |
| 100 0# - MAIN ENTRY--PERSONAL NAME | |
| Personal name | อัจฉราภรณ์ เปี่ยมสมบูรณ์, บรรณาธิการ |
| 245 10 - TITLE STATEMENT | |
| Title | 20 ปี สถาบันวิจัยทรัพยากรทางน้ำ จุฬาลงกรณ์มหาวิทยาลัย |
| 260 3# - PUBLICATION, DISTRIBUTION, ETC. | |
| Place of publication, distribution, etc. | กรุงเทพฯ : |
| Name of publisher, distributor, etc. | สถาบันวิจัยทรัพยากรทางน้ำ จุฬาลงกรณ์มหาวิทยาลัย, |
| Date of publication, distribution, etc. | 2554 |
| 300 ## - PHYSICAL DESCRIPTION | |
| Extent | 100 หน้า : |
| Other physical details | ภาพประกอบ, ตาราง ; |
| Dimensions | 30 ซม. |
| 610 ## - SUBJECT ADDED ENTRY--CORPORATE NAME | |
| Corporate name or jurisdiction name as entry element | จุฬาลงกร์มหาวิทยาลัย. สถาบันวิจัยทรัพยากรทางน้ำ |
| 650 04 - SUBJECT ADDED ENTRY--TOPICAL TERM | |
| Topical term or geographic name entry element | ทรัพยากรทางน้ำ -- วิจัย |
| 650 04 - SUBJECT ADDED ENTRY--TOPICAL TERM | |
| Topical term or geographic name entry element | สถาบันวิจัยทรัพยากรทางน้ำ -- ผลงานวิจัย |
| 850 ## - HOLDING INSTITUTION | |
| Holding institution | NALT |
| 942 ## - ADDED ENTRY ELEMENTS (KOHA) | |
| Koha item type | Research/Thesis |
| 997 ## - | |
| -- | บ24059 |
| 997 ## - | |
| -- | 000000000064153 |
| 998 ## - LOCAL CONTROL INFORMATION (RLIN) | |
| -- | นางสาวเบญจลักษณ์ สุทธิวิไล |
| Withdrawn status | Lost status | Damaged status | Not for loan | Collection code | Home library | Current library | Source of acquisition | Total Checkouts | Full call number | Barcode | Date last seen | Price effective from | Koha item type |
|---|---|---|---|---|---|---|---|---|---|---|---|---|---|
| Research & Theses collection | National Assembly Library of Thailand | National Assembly Library of Thailand | บริจาค | ว SH117.T5 จ683ย 2554 | 3961184862 | 09/06/2017 | 09/06/2017 | Research/Thesis |
